000 00651nam a22001937a 4500
005 20251108170822.0
008 250721s1996 xx 000 0 ara d
082 1 4 _a347.98/حمص
100 1 _aالحمصي، محمد طلال
245 1 0 _aنظرية القضاء المستعجل في قانون أصول المحاكمات المدنية لسنة 1988 :
_bدراسة مقارنة /
264 1 _aعمان :
_bدار البشير،
_c1996.
300 _a224ص
650 1 7 _aالقضاء المستعجل
650 1 7 _aالقضاء
650 1 7 _aالقانون المدني
650 1 7 _aالأردن
942 _2ddc
_cBK
999 _c49741
_d49741